Maquiavelo y los principios de la política moderna. Un estudio de los Discursos sobre Tito Livio.

Saved in:
Bibliographic Details
Main Author: Mansfield, Harvey C., Jr (autor)
Format: Book
Published: México, D.F., México: Fondo de Cultura Económica, 1983.
Edition:Primera edición es español.
Subjects:
Tags: Add Tag
No Tags, Be the first to tag this record!

MARC

LEADER 00000nam a22000007a 4500
003 CL-VaPUC
005 20240711135005.0
008 220708t1983 ||||| |||| 00| 0 eng d
999 |c 436832  |d 436830 
020 |a 0-8014-1182-3 
040 |c Pontificia Universidad Católica de Valparaíso 
082 7 |a 320.1 MAN 1983  |2 22 
100 1 |a Mansfield, Harvey C.,   |c Jr.  |e autor  |9 872477 
245 |a Maquiavelo y los principios de la política moderna.   |b Un estudio de los Discursos sobre Tito Livio.  
250 |a Primera edición es español. 
260 |a México, D.F., México:   |b Fondo de Cultura Económica,   |c 1983. 
300 |a 540 páginas.  
500 |a c.1 Donación Familia Prof. Alejandro Guzmán Brito. 
583 |c 20220708  |k Cristina María Rojas Aguilar 
600 0 |a Maquiavelo, Nicolás  |d 1469-1527  |9 255701 
650 |a Ciencias políticas   |9 255201 
942 |2 ddc  |c BK  |n 0 
952 |0 0  |1 0  |2 ddc  |4 0  |6 320_100000000000000_MAN_1983  |7 0  |8 C_AGB  |9 584562  |a BIBDER  |b BIBDER  |d 2022-07-08  |e Donación   |i 5652607  |o 320.1 MAN 1983  |p 5652607  |r 2023-01-25  |t 1  |w 2022-07-08  |y BK_US  |k AGB